000 00535nam a2200205Ia 4500
003 GCL
008 140319s9999 xx 000 0 aFre d
020 _a3822889792
040 _aGCL /
_cGCL
082 0 4 _a759
_bN S
100 1 _aNERET, GILLES
245 1 0 _aSALVADOR DALI 1904 - 1989 /
_cNERET, GILLES
260 _aالمانيا :
_bBENEDIKT TASCHEN ،
_c1994
300 _a96 CM
_bILL. ؛
_c30 cm.
650 0 4 _aARTS
650 0 4 _aPAINTING
650 0 4 _aPAINTERS
650 0 4 _aDALI, SALVADOR (1904 - 1989)
942 _2ddc
_cBK
999 _c7737
_d7737